[Event "Fagernes Autumn op"]
[Site "Fagernes"]
[Date "2023.10.11"]
[Round "4"]
[White "Mitrabha, Guha"]
[Black "Heinemann, Josefine"]
[Result "1-0"]
[WhiteElo "2512"]
[BlackElo "2296"]
[PlyCount "137"]
[EventDate "2023.10.08"]
[EventType "swiss"]
[EventRounds "9"]
[EventCountry "NOR"]
[SourceTitle "Mega2024 Update 01"]
[Source "Chessbase"]
[SourceDate "2023.11.12"]
[SourceVersion "1"]
[SourceVersionDate "2023.11.12"]
[SourceQuality "1"]

1. d4 Nf6 2. c4 e6 3. Nc3 Bb4 4. e3 0-0 5. Bd3 d5 6. cxd5 exd5 7. a3 Bd6 8. Qc2 b6 9. Nb5 c5 10. b3 Bb7 11. Nxd6 Qxd6 12. Nf3 Ba6 13. Bxa6 Nxa6 14. Bb2 Rac8 15. dxc5 bxc5 16. 0-0 Nb8 17. Rac1 Nbd7 18. b4 Qb8 19. Qd2 cxb4 20. Qxb4 h6 21. Nd4 Qb6 22. Nf5 Rxc1 23. Rxc1 Qxb4 24. axb4 Rb8 25. Ne7+ Kh7 26. Nc6 Rb7 27. Bd4 Nb8 28. Nd8 Rxb4 29. Bxa7 Kg6 30. f3 Nbd7 31. Bd4 Rc4 32. Ra1 Nb8 33. Bxf6 gxf6 34. Rd1 Nc6 35. Nb7 Ne7 36. Nd6 Rc6 37. Nb5 Rc5 38. Nd4 Rc3 39. Kf2 Nf5 40. Ne2 Ra3 41. Nf4+ Kg7 42. Nxd5 Ra2+ 43. Kf1 Ra4 44. Rd2 Ra5 45. Kf2 Nh4 46. e4 Ng6 47. Kg3 Rc5 48. Ne3 Ne7 49. Rd7 Kf8 50. Rd8+ Kg7 51. Re8 Ng6 52. Nf5+ Kh7 53. Ra8 Rc6 54. Ra7 Nh8 55. Kg4 Rc2 56. Nh4 Rb2 57. h3 Rc2 58. g3 Rc8 59. Nf5 Rc3 60. f4 Kg6 61. Ra8 Kh7 62. h4 Rc4 63. Re8 Ra4 64. h5 Rb4 65. Ne3 Kg7 66. Nd5 Ra4 67. Kf5 Ra5 68. Rb8 Ra3 69. Nxf6 1-0

[Event "Titled Tuesday intern op 19th Sep Early"]
[Site "Chess.com INT"]
[Date "2023.09.19"]
[Round "7"]
[White "Madaminov, Mukhiddin"]
[Black "Heinemann, Josefine"]
[Result "1-0"]
[WhiteElo "2484"]
[BlackElo "2296"]
[PlyCount "73"]
[EventDate "2023.09.19"]
[EventType "swiss (blitz)"]
[EventRounds "11"]
[EventCountry "USA"]
[SourceTitle "EXT 2024"]
[Source "ChessBase"]
[SourceDate "2023.10.10"]
[SourceVersion "1"]
[SourceVersionDate "2023.10.10"]
[SourceQuality "1"]

1. d4 Nf6 2. Nc3 d5 3. Bf4 e6 4. Nb5 Bb4+ 5. c3 Ba5 6. a4 a6 7. b4 Bb6 8. a5 axb5 9. axb6 Rxa1 10. Qxa1 Na6 11. bxc7 Qd7 12. e3 Nh5 13. Qa5 0-0 14. Bxb5 Qe7 15. Bxa6 Nxf4 16. Bf1 Nh5 17. Nf3 Nf6 18. Bb5 Ne4 19. 0-0 Nd6 20. Ba4 Nc4 21. Qc5 Qxc5 22. dxc5 f6 23. Bb5 Ne5 24. Nxe5 fxe5 25. c4 Rf7 26. Rd1 Rxc7 27. cxd5 exd5 28. Rxd5 Kf7 29. Rxe5 Be6 30. f4 Kf6 31. Kf2 h6 32. Be2 g5 33. g3 Rc6 34. b5 Rc7 35. b6 Rd7 36. Rxe6+ Kxe6 37. Bg4+ 1-0